[Event "Warsaw Szansa op"]
[Site "Warsaw"]
[Date "2022.09.18"]
[Round "9"]
[White "Bespalov, Ivan"]
[Black "Pires, Emanuel Joao Robart"]
[Result "1/2-1/2"]
[WhiteElo "1841"]
[BlackElo "1999"]
[PlyCount "161"]
[EventDate "2022.09.17"]
[EventType "swiss (rapid)"]
[EventRounds "11"]
[EventCountry "POL"]
[SourceTitle "EXT 2023"]
[Source "ChessBase"]
[SourceDate "2022.10.05"]
[SourceVersion "1"]
[SourceVersionDate "2022.10.05"]
[SourceQuality "1"]

1. e4 d6 2. d4 Nf6 3. Nc3 g6 4. Nf3 Bg7 5. h3 0-0 6. Be2 Nc6 7. 0-0 e5 8. dxe5 dxe5 9. Qxd8 Rxd8 10. Bg5 Nd4 11. Nxd4 Rxd4 12. Rfd1 c6 13. Be3 Rxd1+ 14. Rxd1 Be6 15. f3 Bf8 16. a3 Nd7 17. Kf2 Nb6 18. Bg5 Bc5+ 19. Be3 Be7 20. Ke1 h5 21. Bf2 Kf8 22. Bg3 f6 23. Bf2 Ke8 24. Be3 g5 25. Kf2 Kf7 26. Bc1 g4 27. hxg4 hxg4 28. fxg4 Rh8 29. Kg3 Ke8 30. b3 Bc5 31. Nb1 Nc8 32. b4 Bf8 33. Be3 a6 34. Nc3 Ne7 35. Na4 Ng6 36. Nb6 Bh6 37. Bxh6 Rxh6 38. Bc4 Nf4 39. Bxe6 Nxe6 40. c3 Rh7 41. Nc4 Ng5 42. Nd6+ Kf8 43. Rf1 Ke7 44. Nf5+ Kd7 45. Rd1+ Kc7 46. Re1 Rd7 47. Re3 Rd2 48. a4 a5 49. Ng7 axb4 50. cxb4 Kd7 51. Nh5 Ke7 52. Ng7 Kf7 53. Nf5 Ne6 54. Rc3 Nf4 55. Rb3 Nxg2 56. Nd6+ Rxd6 57. Kxg2 Rd4 58. Kf3 Kg6 59. a5 Kg5 60. b5 cxb5 61. Rxb5 Rd3+ 62. Ke2 Ra3 63. Rxb7 Kxg4 64. Rb6 Kg5 65. a6 Kf4 66. Rxf6+ Kxe4 67. Kd2 Ra2+ 68. Kc3 Ke3 69. Kb4 e4 70. Re6 Kd4 71. Kb5 Kd5 72. Re8 Rb2+ 73. Ka5 Kd4 74. a7 Ra2+ 75. Kb6 e3 76. Kb7 Rb2+ 77. Ka6 e2 78. Rxe2 Rxe2 79. a8Q Ra2+ 80. Kb7 Rxa8 81. Kxa8 1/2-1/2